The secret of Skull Mountain. (Record no. 1275)

MARC details
000 -LEADER
fixed length control field 00425cam a2200169u 4500
005 - DATE AND TIME OF LATEST TRANSACTION
control field 20260322212054.0
008 - FIXED-LENGTH DATA ELEMENTS--GENERAL INFORMATION
fixed length control field data
010 ## - LIBRARY OF CONGRESS CONTROL NUMBER
LC control number 48005428
040 ## - CATALOGING SOURCE
Original cataloging agency DLC
Transcribing agency CarP
Modifying agency DLC
050 00 - LIBRARY OF CONGRESS CALL NUMBER
Classification number PZ7.D644
Item number Sco
099 ## - LOCAL FREE-TEXT CALL NUMBER (OCLC)
Classification number DIXONF
001 - CONTROL NUMBER
control field data
100 1# - MAIN ENTRY--PERSONAL NAME
Personal name Dixon, Franklin W.
245 14 - TITLE STATEMENT
Title The secret of Skull Mountain.
Statement of responsibility, etc. Franklin W. Dixon.
260 ## - PUBLICATION, DISTRIBUTION, ETC.
Place of publication, distribution, etc. New York,
Name of publisher, distributor, etc. Grosset & Dunlap
Date of publication, distribution, etc. [1948]
300 ## - PHYSICAL DESCRIPTION
Extent vi, 212 p.
Other physical details front.
Dimensions 20 cm.
Holdings
Withdrawn status Lost status Damaged status Not for loan Home library Current library Shelving location Date acquired Total checkouts Full call number Barcode Date last seen Price effective from Koha item type
        Fairview Fairview General stacks 22/03/2026   PZ7.D644 Sco BC0011318 22/03/2026 22/03/2026 Books